[Event "IECC M email"]
[Site "IECC email"]
[Date "1999.10.04"]
[Round "?"]
[White "Burke, Michael"]
[Black "Ashley, Robert"]
[Result "1-0"]
[WhiteElo "1197"]
[BlackElo "1047"]
[PlyCount "41"]
[EventDate "1999.??.??"]
[EventType "tourn (corr)"]
[EventRounds "6"]
[SourceTitle "Corr 2008"]
[Source "ChessBase"]
[SourceDate "2008.06.24"]
[SourceVersion "1"]
[SourceVersionDate "2008.06.24"]
[SourceQuality "1"]

1. d4 e6 2. e4 Nf6 3. Bg5 h6 4. Bxf6 Qxf6 5. Nf3 Qg6 6. Nbd2 Bb4 7. c3 Bd6 8. Bd3 Bf4 9. 0-0 Bxd2 10. Qxd2 d6 11. e5 Qh5 12. Qf4 g5 13. Qf6 Bd7 14. Qxh8+ Ke7 15. Qf6+ Ke8 16. exd6 cxd6 17. Rae1 e5 18. dxe5 Bc6 19. exd6+ Kd7 20. Qe7+ Kc8 21. Qc7# 1-0

[Event "IECC M email"]
[Site "IECC email"]
[Date "1999.01.13"]
[Round "?"]
[White "Peters, Steven Michael"]
[Black "Ashley, Robert"]
[Result "1-0"]
[WhiteElo "970"]
[BlackElo "1001"]
[PlyCount "31"]
[EventDate "1999.??.??"]
[EventType "tourn (corr)"]
[EventRounds "6"]
[SourceTitle "Corr 2008"]
[Source "ChessBase"]
[SourceDate "2008.06.24"]
[SourceVersion "1"]
[SourceVersionDate "2008.06.24"]
[SourceQuality "1"]

1. e4 c6 2. d4 f6 3. Nc3 d5 4. exd5 cxd5 5. Qh5+ g6 6. Qxd5 Qb6 7. Qb5+ Nd7 8. Nd5 Qxd4 9. Nc7+ Kd8 10. Ne6+ Ke8 11. Nxd4 a6 12. Qd5 Ne5 13. Bf4 e6 14. Nxe6 Kf7 15. Nc7+ Kg7 16. Ne8# 1-0